00356nam a2200133 a 45000010010000000030011000100080041000210350026000620820017000881000020001052450027001252600052001526500018002040000-9284ELIB.Books110520 1974  a(ELIB.Books)0000-9436 a227.87 bSte aStedman, Ray C. aWhat more can God Say? bGlendale: A Division of G/L Publications c1974 aNew Testament